Bilecik Bilecik Bilecik Bilecik Bilecik

Dünyaya göklerden bakan kız : (Record no. 67091)

MARC details
000 -BAŞLIK
Sabit Uzunluktaki Kontrol Alanı 01204nam a22003737a 4500
001 - KONTROL NUMARASI
Control Dosyası 0066650
003 - KONTROL NUMARASI KİMLİĞİ
Kontrol Alanı KOHA_MİRAKIL
005 - EN SON İŞLEM TARİHİ ve ZAMANI
Kontrol Alanı 20260207004648.0
007 - FİZİKSEL TANIM SABİT ALAN - GENEL BİLGİ
Sabit uzunluklu kontrol alanı ta
008 - SABİT UZUNLUKTAKİ VERİ ÖGELERİ - GENEL BİLGİ
Sabit Alan 220112b2021 tu a|||gr||||#0|||0|tur |
020 ## - ISBN - ULUSLARARASI STANDART KİTAP NUMARASI
Isbn 9786257220279
040 ## - KATALOGLAMA KAYNAĞI
Özgün Kataloglama Kurumu TR-BiSEU
Kataloglama Dili tur
Çeviri Kurumu TR-BiSEU
Açıklama Kuralları rda
041 0# - DİL KODU
Metin ya da ses kaydının dil kodu tur
044 ## - YAYINLAYAN/ÜRETEN KURULUŞUN ÜLKE KODU
ISO country code tu
050 ## - SINIFLAMA ve YER NUMARASI
Sınıflama Numarası TL540.R49
Yer Numarası B37 2021
100 1# - KİŞİ ADI
Yazar Adı (Kişi adı) Başusta, Hüseyin.
245 1# - ESER ADI BİLDİRİMİ
Başlık Dünyaya göklerden bakan kız :
Alt Eseradı vb. Madelet/
Sorumluluk Bildirimi Hüseyin Başusta ; Hüseyin Başusta.
264 #1 - ÜRERİM, YAYIN, DAĞITIM ve TELİF BİLDİRİMİ
Yayın yeri İstanbul :
Yayınlayan Alfa Basım Yayım Dağıtım
Yayın tarihi 2021
300 ## - FİZİKSEL TANIMLAMA
Sayfa, Cilt vb. 396 sayfa :
Diğer fiziki detaylar resimli ;
Boyutları 24 cm.
336 ## - İÇERİK TÜRÜ
Content type term metin
Content type code txt
Source rdacontent
337 ## - MEDYA TÜRÜ
Media type term aracısız
Media type code n
Source rdamedia
338 ## - TAŞIYICI TÜRÜ
Carrier type term cilt
Carrier type code nc
Source rdacarrier
490 1# - DİZİ BİLDİRİMİ
Dizi Bildirimi Mona ;
Cilt Numarası 243.
490 1# - DİZİ BİLDİRİMİ
Dizi Bildirimi Güncel ;
Cilt Numarası 16
650 #0 - KONU BAŞLIĞI EK GİRİŞ - KONU TERİMİ
Konusal terim veya coğrafi ad Paraşütçüler--Türkiye--Biyografi.
9 (RLIN) 126002
650 #0 - KONU BAŞLIĞI EK GİRİŞ - KONU TERİMİ
Konusal terim veya coğrafi ad Havacılık--Türkiye--Tarih.
9 (RLIN) 107294
650 #0 - KONU BAŞLIĞI EK GİRİŞ - KONU TERİMİ
Konusal terim veya coğrafi ad Kadın pilotlar--Türkiye--Biyografi.
9 (RLIN) 126003
650 #0 - KONU BAŞLIĞI EK GİRİŞ - KONU TERİMİ
Konusal terim veya coğrafi ad Paratroopers--Turkey--Biography.
9 (RLIN) 126004
650 #0 - KONU BAŞLIĞI EK GİRİŞ - KONU TERİMİ
Konusal terim veya coğrafi ad Women air pilots--Turkey--Biography.
9 (RLIN) 126005
830 1# - SERİ EK GİRİŞİ - TEKBİÇİM ESER ADI
Tekbiçim Başlık Mona ;
Volume number/sequential designation 243.
9 (RLIN) 126006
830 1# - SERİ EK GİRİŞİ - TEKBİÇİM ESER ADI
Tekbiçim Başlık Güncel ;
Volume number/sequential designation 16
9 (RLIN) 49564
907 ## - LOCAL DATA ELEMENT G, LDG (RLIN)
a Havacılık
942 ## - EK GİRİŞ ÖGELERİ (KOHA)
Source of classification or shelving scheme Library of Congress Classification
Koha item type Book
Holdings
Materyal Türü Kalıcı Konum Mevcut Konum Raf Yeri Sınıflandırma Kaynağı Edinim Bilgisi Ana Konular Alt Konular Yer Numarası Demirbaş Numarası Fatura Tarihi Geri Çekilme Durumu Kayıp Durumu Hasarlı Durumu Kredi için değil Kayıt Tarih Toplam Ödünçverme Son Görülme Tarihi Son Kontrol Tarihi Genel / Bağış Notu
Book Prof. Dr. Azmi Özcan Kütüphanesi Prof. Dr. Azmi Özcan Kütüphanesi Birûni Salonu Library of Congress Classification Bağış TEKNOLOJİ Motorlu Araçlar, Havacılık, Uzay TL540.R49 B37 2021 0066650 02/02/2026         12/01/2022   02/06/2025 02/06/2025 Genel Bağış